000 00406nam a2200181Ia 4500
005 20240823035235.0
008 240823s9999||||xx |||||||||||||| ||und||
041 _aENGLISH
082 _A823 N6
100 _aGurdial Singh
245 0 _aNight of the Half Moon
250 _a1st
260 _c1996
_bMacmillan India Li
500 _aYES
650 _aNovel
_bEnglish
942 _cBK
999 _c200211
_d200211